Birds of the US - Thrushes and Dippers - Statistics

General Stats
  • This quiz has been taken 22 times
  • The average score is 12 of 14
Answer Stats
Hint Answer % Correct
Turdus migratorius American Robin
100%
Sialia sialis Eastern Bluebird
100%
Sialia currcoides Mountain Bluebird
100%
Sialia mexicana Western Bluebird
100%
Cinclus mexicanus American Dipper
93%
Catharus bicknelli Bicknell's Thrush
93%
Hylocichla mustelina Wood Thrush
93%
Myadestes townsendi Townsend's Solitaire
87%
Catharus guttatus Hermit Thrush
80%
Catharus ustulatus Swainson's Thrush
80%
Ixoreus naevius Varied Thrush
80%
Catharus minimus Grey-cheeked Thrush
73%
Catharus fuscescens Veery
73%
Turdus grayi Clay-colored Thrush
47%
No matching quizzes found
Score Distribution
Percent of People with Each Score
Percentile by Number Answered
Your Score History
You have not taken this quiz